000 00762nam a2200229Ii 4500
003 JO-AjNU
008 230605s9999||||xx |||||||||||||| ||und||
017 _a2009/5/1801
020 _a978-9957-22-282-6
040 _aJO-AjNU
_bara
_erda
_cJO-AjNU
041 _aara
050 1 4 _aHD30.2.N87.2010
100 3 _aنور الدين،عصام,
_eauthor
_930260
245 0 0 _aإدارة المعرفة والتكنولوجيا الحديثة
250 _aط1
264 3 1 _aعمان:دار اسامة للنشر والتوزيع،2010
300 _a216ص
336 _atext
_btxt
_2rdacontent
337 _aunmediated
_bn
_2rdamedia
338 _avolume
_bnc
_2rdacarrier
650 4 _aادارة المعلومات-تكنولوجيا المعلومات
_930261
999 _aA11975
_c15543
_d15543